Ciudades de España con más de 50.000 habitantes - Estadísticas

Estadísticas generales
  • Esta prueba ha sido intentada 1.056 veces
  • La puntuación promedio es 90 de 149
Estadísticas de respuestas
TOP Ciudades Región Población % Correcto
2 Barcelona Cataluña 1.636.732
100%
1 Madrid Com. de Madrid 3.305.408
99%
4 Sevilla Andalucía 684.234
99%
3 Valencia Com. Valenciana 789.744
99%
5 Zaragoza Aragón 675.301
98%
10 Bilbao País Vasco 346.405
97%
6 Málaga Andalucía 577.405
97%
7 Murcia Región de Murcia 460.349
97%
8 Palma de Mallorca Islas Baleares 419.366
97%
11 Alicante Com. Valenciana 337.245
95%
12 Córdoba Andalucía 322.192
94%
20 Granada Andalucía 231.142
94%
15 Gijón Asturias 268.837
93%
23 Oviedo Asturias 217.382
93%
13 Valladolid Castilla y León 297.930
93%
14 Vigo Galicia 293.123
93%
46 Huelva Andalucía 142.262
92%
49 Tarragona Cataluña 135.473
92%
38 Castellón de la Plana Com. Valenciana 172.736
91%
33 San Sebastián País Vasco 188.872
91%
30 Almería Andalucía 200.290
90%
43 Badajoz Extremadura 150.632
90%
57 Cádiz Andalucía 114.620
90%
9 Las Palmas de Gran Canaria Islas Canarias 378.675
90%
54 León Castilla y León 122.709
89%
37 Albacete Castilla-La Mancha 172.837
88%
58 Jaén Andalucía 111.677
88%
29 Pamplona Navarra 203.939
88%
39 Santander Cantabria 172.138
88%
36 Burgos Castilla y León 174.736
87%
16 Hospitalet de Llobregat Cataluña 264.253
87%
81 Toledo Castilla-La Mancha 85.372
87%
68 Cáceres Extremadura 95.923
86%
24 Cartagena Región de Murcia 216.389
86%
35 Getafe Com. de Madrid 183.532
86%
45 Salamanca Castilla y León 143.908
86%
17 Vitoria País Vasco 253.522
86%
18 La Coruña Galicia 245.029
85%
65 Santiago de Compostela Galicia 97.621
85%
19 Elche Com. Valenciana 234.848
84%
28 Santa Cruz de Tenerife Islas Canarias 208.287
84%
66 Lugo Galicia 97.113
83%
87 Pontevedra Galicia 83.019
83%
62 Gerona Cataluña 101.192
82%
42 Logroño La Rioja 150.738
82%
26 Jerez de la Frontera Andalucía 212.932
81%
77 Guadalajara Castilla-La Mancha 87.109
80%
102 Ciudad Real Castilla-La Mancha 75.203
79%
47 Lérida Cataluña 140.481
79%
44 Marbella Andalucía 147.466
78%
27 Móstoles Com. de Madrid 209.577
78%
144 Segovia Castilla y León 51.258
78%
126 Mérida Extremadura 59.718
77%
98 Palencia Castilla y León 77.167
77%
31 Alcalá de Henares Com. de Madrid 195.163
76%
131 Ávila Castilla y León 57.918
75%
137 Huesca Aragón 53.231
75%
34 Leganés Com. de Madrid 187.090
75%
22 Badalona Cataluña 223.004
74%
135 Cuenca Castilla-La Mancha 53.820
74%
60 Orense Galicia 104.827
73%
25 Sabadell Cataluña 216.293
73%
40 Alcorcón Com. de Madrid 170.092
72%
48 Dos Hermanas Andalucía 136.747
72%
124 Zamora Castilla y León 60.012
72%
32 Fuenlabrada Com. de Madrid 192.632
71%
110 Benidorm Com. Valenciana 69.881
68%
149 Ibiza Islas Baleares 50.643
67%
85 Ceuta * 83.871
66%
80 Melilla * 86.498
66%
59 Reus Cataluña 106.988
65%
53 Algeciras Andalucía 122.721
62%
99 Avilés Asturias 76.683
62%
67 Lorca Región de Murcia 96.029
60%
56 Alcobendas Com. de Madrid 116.262
59%
86 Talavera de la Reina Castilla-La Mancha 83.622
58%
52 Mataró Cataluña 129.637
57%
51 Parla Com. de Madrid 131.142
57%
69 San Fernando Andalucía 94.728
57%
21 Tarrasa Cataluña 223.827
57%
50 Torrejón de Ardoz Com. de Madrid 132.879
56%
89 Torrevieja Com. Valenciana 82.668
55%
63 Baracaldo País Vasco 100.882
54%
117 Ferrol Galicia 64.678
54%
41 San Cristóbal de la Laguna Islas Canarias 158.109
54%
90 Fuengirola Andalucía 82.320
53%
70 Las Rozas de Madrid Com. de Madrid 94.698
53%
64 Roquetas de Mar Andalucía 98.727
52%
120 Ponferrada Castilla y León 63.313
51%
100 Gandía Com. Valenciana 75.782
50%
76 Pozuelo de Alarcón Com. de Madrid 87.372
50%
111 Torremolinos Andalucía 68.609
50%
83 El Ejido Andalucía 84.872
48%
95 Manresa Cataluña 78.192
48%
75 El Puerto de Santa María Andalucía 89.238
47%
122 Irún País Vasco 62.562
47%
72 Rivas-Vaciamadrid Com. de Madrid 92.342
47%
61 Telde Islas Canarias 102.004
47%
93 Orihuela Com. Valenciana 78.727
46%
136 Pinto Com. de Madrid 53.473
45%
55 Santa Coloma de Gramanet Cataluña 119.127
45%
96 Valdemoro Com. de Madrid 77.716
45%
108 Benalmádena Andalucía 70.638
44%
79 Chiclana de la Frontera Andalucía 86.726
44%
133 Linares Andalucía 56.628
44%
88 Vélez-Málaga Andalucía 82.717
44%
73 San Sebastián de los Reyes Com. de Madrid 90.074
43%
82 Torrente Com. Valenciana 84.579
43%
125 Aranjuez Com. de Madrid 59.782
42%
74 Cornellá de Llobregat Cataluña 89.534
42%
92 Coslada Com. de Madrid 81.239
42%
130 Motril Andalucía 58.727
42%
105 Majadahonda Com. de Madrid 72.178
41%
106 Estepona Andalucía 71.672
40%
145 Torrelavega Cantabria 51.237
40%
78 Mijas Andalucía 86.829
38%
114 Sagunto Com. Valenciana 67.390
37%
121 La Línea de la Concepción Andalucía 63.199
36%
148 Villarreal Com. Valenciana 51.130
36%
101 Alcalá de Guadaíra Andalucía 75.656
34%
94 Rubí Cataluña 78.567
34%
127 Alcoy Com. Valenciana 59.344
33%
91 Arona Islas Canarias 82.095
33%
97 Guecho País Vasco 77.709
33%
118 Arrecife Islas Canarias 64.173
32%
109 Sanlúcar de Barrameda Andalucía 69.682
32%
71 San Cugat del Vallés Cataluña 94.302
31%
147 Utrera Andalucía 51.145
31%
134 Arganda del Rey Com. de Madrid 56.374
30%
116 El Prat de Llobregat Cataluña 65.091
30%
107 Paterna Com. Valenciana 71.189
30%
128 Boadilla del Monte Com. de Madrid 59.290
27%
119 Collado Villalba Com. de Madrid 63.709
26%
139 Elda Com. Valenciana 52.551
26%
123 Granollers Cataluña 62.328
25%
104 Molina de Segura Región de Murcia 73.289
24%
113 Castelldefels Cataluña 67.572
23%
140 Colmenar Viejo Com. de Madrid 52.480
22%
143 Calviá Islas Baleares 51.567
20%
138 San Bartolomé de Tirajana Islas Canarias 53.066
20%
103 Santa Lucía de Tirajana Islas Canarias 73.827
20%
142 Siero Asturias 51.608
19%
129 San Vicente del Raspeig Com. Valenciana 58.811
18%
112 Villanueva y Geltrú Cataluña 67.688
18%
115 Viladecans Cataluña 66.782
17%
84 San Baudilio de Llobregat Cataluña 83.919
15%
141 Granadilla de Abona Islas Canarias 51.850
13%
146 Mollet del Vallés Cataluña 51.157
11%
132 Sardañola del Vallés Cataluña 57.737
10%
No se encontraron pruebas coincidentes
Distribución de puntuación
Porcentaje de gente con cada puntuación
Porcentaje por número respondido
Historial de tus puntuaciones
No has intentado esta prueba.